The noble scholar, jurist, historian


 His Excellency Dr. Abdul Wahhab bin Ibrahim Abu Sulaiman, may Allah have mercy on him.


 He was born in Umm Al-Qura in the year 1356 AH.

عمل من طب لمن حب / (Record no. 4119)

MARC details
000 -LEADER
fixed length control field 01468cam a22002891i 4500
003 - CONTROL NUMBER IDENTIFIER
control field SA-RiAUC
005 - DATE AND TIME OF LATEST TRANSACTION
control field 20241230092421.0
008 - FIXED-LENGTH DATA ELEMENTS--GENERAL INFORMATION
fixed length control field 241228s2003 le g 000 0 ara c
020 ## - INTERNATIONAL STANDARD BOOK NUMBER
International Standard Book Number 2745140655
040 ## - CATALOGING SOURCE
Original cataloging agency SA-MuMU
Language of cataloging ara
Transcribing agency SA-RiAUC
Description conventions rda
082 04 - DEWEY DECIMAL CLASSIFICATION NUMBER
Classification number 250
Assigning agency SA-RiAUC
090 ## - LOCALLY ASSIGNED LC-TYPE CALL NUMBER (OCLC); LOCAL CALL NUMBER (RLIN)
Classification number (OCLC) (R) ; Classification number, CALL (RLIN) (NR) 250
Local cutter number (OCLC) ; Book number/undivided call number, CALL (RLIN) م ق ر
100 1# - MAIN ENTRY--PERSONAL NAME
Personal name المقري، محمد بن محمد بن أحمد،
Dates associated with a name توفي 758 هجري
Relator term مؤلف.
245 10 - TITLE STATEMENT
Title عمل من طب لمن حب /
Statement of responsibility, etc. تأليف أبي عبد الله محمد بن محمد بن أحمد المقري ؛ تحقيق أبي الفضل بدر بن عبد الإله. ويليه كليات المسائل الجارية عليها الأحكام في الفقه المالكي / محمد بن عبد الله المكناسي.
264 #1 - PRODUCTION, PUBLICATION, DISTRIBUTION, MANUFACTURE, AND COPYRIGHT NOTICE
Place of production, publication, distribution, manufacture بيروت :
Name of producer, publisher, distributor, manufacturer دار الكتب العلمية،
Date of production, publication, distribution, manufacture, or copyright notice 2003
300 ## - PHYSICAL DESCRIPTION
Extent 231 صفحة
336 ## - CONTENT TYPE
Content type term نص
Content type code txt
Source rdacontent
Materials specified كتاب
337 ## - MEDIA TYPE
Media type term بدون وسيط
Media type code n
Source rdamedia
338 ## - CARRIER TYPE
Carrier type term مجلد
Carrier type code nc
Source rdacarrier
650 #7 - SUBJECT ADDED ENTRY--TOPICAL TERM
Topical term or geographic name entry element الأحكام الشرعية
Source of heading or term aucsh
650 #7 - SUBJECT ADDED ENTRY--TOPICAL TERM
Topical term or geographic name entry element الفقه الإسلامي
Source of heading or term aucsh
700 1# - ADDED ENTRY--PERSONAL NAME
Personal name العمراني، بدر بن عبد الإله،
Dates associated with a name 1975-
Relator term محقق.
700 12 - ADDED ENTRY--PERSONAL NAME
Personal name المكناسي، محمد بن عبد الله بن محمد،
Dates associated with a name 839-917 هجري
740 02 - ADDED ENTRY--UNCONTROLLED RELATED/ANALYTICAL TITLE
Uncontrolled related/analytical title كليات المسائل الجارية عليها الأحكام في الفقه المالكي.
942 ## - ADDED ENTRY ELEMENTS (KOHA)
Source of classification or shelving scheme Dewey Decimal Classification
Koha item type Books
Suppress in OPAC No
949 ## - LOCAL PROCESSING INFORMATION (OCLC)
a SA-JeALM
d 241228
u mohamedma123
n 1
Holdings
Withdrawn status Lost status Source of classification or shelving scheme Damaged status Not for loan Home library Current library Date acquired Total checkouts Full call number Barcode Date last seen Price effective from Koha item type
    Dewey Decimal Classification     DR AbdElwahab Library DR AbdElwahab Library 12/30/2024   250 م ق ر 000006990 12/30/2024 12/30/2024 Books